Las raíces históricas del extremo NE peninsular desde la lingüística (Record no. 119646)
[ view plain ]
| 000 -LEADER | |
|---|---|
| campo de control de longitud fija | 00856nam a2200205 4500 |
| 001 - NÚMERO DE CONTROL | |
| campo de control | 119646 |
| 003 - IDENTIFICADOR DE NÚMERO DE CONTROL | |
| campo de control | ES-MaACL |
| 005 - FECHA Y HORA DE LA ÚLTIMA TRANSACCIÓN | |
| campo de control | 20230906191350.0 |
| 007 - CAMPO FIJO DE DESCRIPCIÓN FÍSICA--INFORMACIÓN GENERAL | |
| campo de control de longitud fija | t| |
| 008 - DATOS DE LONGITUD FIJA--INFORMACIÓN GENERAL | |
| campo de control de longitud fija | 070214s1956 sp r ||||1| spa d |
| 100 1# - ENTRADA PRINCIPAL--NOMBRE DE PERSONA | |
| Nombre de persona | Pericay, Pedro. |
| 9 (RLIN) | 91253 |
| 245 14 - MENCIÓN DEL TÍTULO | |
| Título | Las raíces históricas del extremo NE peninsular desde la lingüística |
| Resto del título | : para una caracterización prerromana del Ampurdán / |
| Mención de responsabilidad, etc. | por Pedro Pericay. |
| 260 ## - PUBLICACIÓN, DISTRIBUCIÓN, ETC. | |
| Lugar de publicación, distribución, etc. | [S. l.] : |
| Nombre del editor, distribuidor, etc. | Biblioteca Palacio de Peralada, |
| Fecha de publicación, distribución, etc. | 1956. |
| 300 ## - DESCRIPCIÓN FÍSICA | |
| Extensión | 74 p. ; |
| Dimensiones | 27 cm. |
| 490 1# - MENCIÓN DE SERIE | |
| Mención de serie | Publicaciones Biblioteca Palacio de Peralada. serie in 4º mayor ; |
| Designación de volumen o secuencia | 6 |
| 500 ## - NOTA GENERAL | |
| Nota general | Obra premiada en el Certamen celebrat per la Biblioteca del Palau de Peralada, 1953. |
| 830 0# - PUNTO DE ACCESO ADICIONAL DE SERIE-TÍTULO UNIFORME | |
| Título uniforme | Publicaciones Biblioteca Palacio de Peralada. serie in 4º mayor ; |
| Designación de volumen o secuencia | 6 |
| 9 (RLIN) | 218616 |
| 852 ## - LOCALIZACIÓN | |
| Ubicación | ES-MaACL |
| Número de control de estantería | 1976-F-17 |
| Sublocalización o colección | R.40153 |
| Estatus retirado | Estado de pérdida | Estado de daño | No para préstamo | Colección | Biblioteca de origen | Biblioteca actual | Ubicación en estantería | Fecha de adquisición | Fuente de adquisición | Total de préstamos | Signatura topográfica completa | Código de barras | Visto por última vez | Precio de reemplazo | Tipo de ítem Koha |
|---|---|---|---|---|---|---|---|---|---|---|---|---|---|---|---|
| Colección de folletos | Biblioteca del Ateneo de Madrid | Biblioteca del Ateneo de Madrid | Depósito folletos | 17/01/2008 | 1976-F-17 | 1124714 | 23/02/2023 | 23/02/2023 | Folleto |
